INIMET. Instituto de Investigaciones en Metrologia. Cuba

Gardado en:
Detalles Bibliográficos
Formato: Libro
Idioma:Spanish
Publicado: Cuba, La Habana [19?]
Etiquetas: Engadir etiqueta
Sen Etiquetas, Sexa o primeiro en etiquetar este rexistro!

MARC

LEADER 00000nam a2200000Ia 4500
003 MV0014
005 20221231143946.0
008 140114s19? cu a 000 ||spa d
040 |c cru CEDI 
090 |a MV 14 
245 |a INIMET. Instituto de Investigaciones en Metrologia. Cuba 
260 |a Cuba, La Habana   |c [19?] 
300 |a 11 páginas :ilustraciones a color 
942 |c MX 
999 |c 14815  |d 14815